<?xml version="1.0" encoding="UTF-8"?>
<record
    xmlns:xsi="http://www.w3.org/2001/XMLSchema-instance"
    xsi:schemaLocation="http://www.loc.gov/MARC21/slim http://www.loc.gov/standards/marcxml/schema/MARC21slim.xsd"
    xmlns="http://www.loc.gov/MARC21/slim">

  <leader>00496cam a2200193  04500</leader>
  <controlfield tag="001">1727</controlfield>
  <controlfield tag="005">20170524180502.0</controlfield>
  <datafield tag="090" ind1=" " ind2=" ">
    <subfield code="a">1727</subfield>
  </datafield>
  <datafield tag="100" ind1=" " ind2=" ">
    <subfield code="a">19920723d1980    m  y0pory5003    ba</subfield>
  </datafield>
  <datafield tag="200" ind1="1" ind2=" ">
    <subfield code="a">&#x88;A &#x89;segunda dama</subfield>
    <subfield code="f">Irving Wallace</subfield>
  </datafield>
  <datafield tag="210" ind1=" " ind2=" ">
    <subfield code="a">Livros</subfield>
    <subfield code="c">Livros do Brasil,</subfield>
    <subfield code="d">cop. 1980</subfield>
  </datafield>
  <datafield tag="215" ind1=" " ind2=" ">
    <subfield code="a">330 p</subfield>
  </datafield>
  <datafield tag="225" ind1="2" ind2=" ">
    <subfield code="a">Dois mundos</subfield>
    <subfield code="v">149</subfield>
  </datafield>
  <datafield tag="600" ind1=" " ind2=" ">
    <subfield code="a">Irving Wallace</subfield>
  </datafield>
  <datafield tag="601" ind1=" " ind2=" ">
    <subfield code="a">Livros do Brasil,</subfield>
  </datafield>
  <datafield tag="675" ind1=" " ind2=" ">
    <subfield code="a">82-311.3</subfield>
    <subfield code="v">BN</subfield>
    <subfield code="z">por</subfield>
  </datafield>
  <datafield tag="700" ind1=" " ind2="1">
    <subfield code="a">Wallace,</subfield>
    <subfield code="b">Irving,</subfield>
    <subfield code="f">1916-1990</subfield>
  </datafield>
  <datafield tag="801" ind1=" " ind2="0">
    <subfield code="a">PT</subfield>
    <subfield code="b">BN</subfield>
    <subfield code="g">RPC</subfield>
  </datafield>
  <datafield tag="942" ind1=" " ind2=" ">
    <subfield code="c">BK</subfield>
  </datafield>
  <datafield tag="995" ind1=" " ind2=" ">
    <subfield code="0">0</subfield>
    <subfield code="2">0</subfield>
    <subfield code="5">2017-05-24</subfield>
    <subfield code="9">1803</subfield>
    <subfield code="b">SMIG</subfield>
    <subfield code="c">SMIG</subfield>
    <subfield code="e">ARMZ</subfield>
    <subfield code="f">1501</subfield>
    <subfield code="k">82-3 WAL 1501</subfield>
    <subfield code="o">0</subfield>
    <subfield code="r">BK</subfield>
    <subfield code="a">UPS</subfield>
  </datafield>
</record>
